[Event "Kieler Open 2016-B"]
[Site "Kiel"]
[Date "2016.08.02"]
[Round "6.20"]
[White "Keir, Robin"]
[Black "Howe, Dietrich"]
[Result "0-1"]
[WhiteElo "1361"]
[BlackElo "1560"]
[PlyCount "86"]

1. d4 Nf6 2. Nf3 e6 3. e3 c5 4. Bd3 cxd4 5. exd4 Nc6 6. c3 d5 7. Nbd2 Qc7 8.
O-O a6 9. Re1 g6 10. Ne5 Bd6 11. Ndf3 O-O 12. Bg5 Nd7 13. Nxd7 Bxd7 14. Bf6 Be7
15. Bxe7 Nxe7 16. Ne5 Nc6 17. Nxd7 Qxd7 18. Qd2 b5 19. Re3 Ne7 20. g4 Rae8 21.
Rh3 Nc6 22. Qh6 f5 23. Rg3 Qg7 24. Qxg7+ Kxg7 25. gxf5 exf5 26. f4 Na5 27. b3
Nb7 28. c4 Nd6 29. c5 Ne4 30. Re3 Nc3 31. Re5 Rxe5 32. dxe5 a5 33. a3 d4 34. b4
Ra8 35. Re1 axb4 36. axb4 Kf7 37. Bc2 Ke7 38. Kf1 Ra2 39. c6 Rxc2 40. c7 Nd5
41. Re2 Rc1+ 42. Kf2 Rxc7 43. Kf3 Nxb4 0-1

[Event "Kieler Open 2016-B"]
[Site "Kiel"]
[Date "2016.08.02"]
[Round "6.21"]
[White "Bunke, Mike"]
[Black "Günther, Emil"]
[Result "0-1"]
[WhiteElo "1683"]
[BlackElo "1282"]
[PlyCount "78"]

1. c4 Nf6 2. Nc3 g6 3. g3 c5 4. Bg2 Bg7 5. Nf3 O-O 6. O-O Nc6 7. d3 d6 8. Rb1
Bd7 9. a3 Qc8 10. b4 cxb4 11. axb4 Bh3 12. b5 Bxg2 13. Kxg2 Na5 14. Bb2 b6 15.
e4 Qc7 16. Qd2 Rfe8 17. Ba1 e6 18. Ne2 Qe7 19. Bc3 Nb7 20. Bb4 Qd7 21. Ned4 Nd8
22. e5 dxe5 23. Ne2 Qb7 24. Qe3 e4 25. dxe4 Qxe4 26. Qxe4 Nxe4 27. Nd2 Nxd2 28.
Bxd2 Re7 29. Rbd1 Rd7 30. Bg5 Rxd1 31. Rxd1 f6 32. Be3 Nf7 33. Nd4 Rd8 34. Re1
e5 35. Ne6 Rd7 36. Nxg7 Kxg7 37. Rc1 Nd6 38. c5 bxc5 39. Rxc5 Rb7 0-1

[Event "Kieler Open 2016-B"]
[Site "Kiel"]
[Date "2016.08.02"]
[Round "6.22"]
[White "Rulfs, Ernst-August"]
[Black "Müller, Richard"]
[Result "0-1"]
[WhiteElo "1574"]
[BlackElo "1500"]
[PlyCount "72"]

1. c4 e5 2. Nc3 Nf6 3. Nf3 d6 4. g3 Be6 5. b3 Be7 6. Bg2 Qd7 7. Ng5 Bf5 8. Bxb7
h6 9. Nf3 Bh3 10. Bxa8 c6 11. d4 e4 12. Nd2 O-O 13. Ndxe4 Nxe4 14. Nxe4 Bg2 15.
Rg1 Bxe4 16. d5 Bf6 17. Rb1 Bxb1 18. dxc6 Nxc6 19. Bf4 Rxa8 20. Qxb1 Re8 21.
Kf1 Qh3+ 22. Rg2 Rxe2 23. Kxe2 Qxg2 24. Be3 Qxh2 25. Qf5 a6 26. Qc8+ Nd8 27.
Qxa6 Qh5+ 28. f3 Qe5 29. Qb6 Qxg3 30. a4 Qg2+ 31. Bf2 Ne6 32. Qb8+ Kh7 33. Qxd6
Nd4+ 34. Ke1 Nxf3+ 35. Ke2 Ng1+ 36. Ke3 Bg5+ 0-1

[Event "Kieler Open 2016-B"]
[Site "Kiel"]
[Date "2016.08.03"]
[Round "7.1"]
[White "Plichta, Hans-Reiner"]
[Black "Basey, Matthew"]
[Result "0-1"]
[WhiteElo "1793"]
[BlackElo "1500"]
[Annotator "Hahne"]
[PlyCount "58"]

1. d4 d5 2. c4 Nc6 3. Nf3 Bg4 4. e3 e6 5. Be2 dxc4 6. Bxc4 Nf6 7. Be2 Bd6 8.
Nc3 a6 9. a4 Qe7 10. O-O O-O 11. Qb3 Rfd8 12. Bd2 Na5 13. Qa2 Nc6 14. b3 e5 15.
dxe5 Nxe5 16. Nxe5 Qxe5 17. f4 Qe7 18. Bxg4 Nxg4 19. Rae1 Bc5 20. Nd1 Rd3 21.
Rf3 Rad8 22. Re2 Bb4 23. Bxb4 Qxb4 24. Nb2 Rd2 25. Rxd2 Qxd2 26. h3 Nxe3 27.
Rxe3 Qxe3+ 28. Kh1 Qf2 29. Qb1 Qe2 0-1

[Event "Kieler Open 2016-B"]
[Site "Kiel"]
[Date "2016.08.03"]
[Round "7.2"]
[White "Jung, Ingo"]
[Black "Zechel, Rolf-Rüdiger"]
[Result "1/2-1/2"]
[WhiteElo "1656"]
[BlackElo "1654"]
[PlyCount "33"]

1. e4 c5 2. Nc3 Nc6 3. g3 g6 4. Bg2 Bg7 5. Nge2 e6 6. O-O Nge7 7. d3 O-O 8. Be3
Nd4 9. Qd2 Rb8 10. a4 a6 11. Rfb1 Nec6 12. f4 f5 13. e5 d6 14. exd6 Qxd6 15.
Kh1 e5 16. fxe5 Bxe5 17. Bf4 1/2-1/2

[Event "Kieler Open 2016-B"]
[Site "Kiel"]
[Date "2016.08.03"]
[Round "7.3"]
[White "Aksüt, Önder"]
[Black "Oltmanns, Marc"]
[Result "1-0"]
[WhiteElo "1653"]
[BlackElo "1496"]
[PlyCount "103"]

1. d4 Nf6 2. Nf3 e6 3. Bf4 b6 4. Nbd2 Bb7 5. c3 d5 6. e3 Bd6 7. Bg5 Nbd7 8. Bd3
h6 9. Bh4 Qe7 10. Qc2 O-O-O 11. e4 dxe4 12. Nxe4 Bxe4 13. Bxe4 g5 14. Bg3 Bxg3
15. hxg3 Nxe4 16. Qxe4 Kb8 17. O-O-O f5 18. Qe2 g4 19. Ne5 Nxe5 20. Qxe5 Qg5+
21. Kb1 Rde8 22. a4 Rhf8 23. a5 f4 24. axb6 axb6 25. Qxg5 hxg5 26. gxf4 gxf4
27. f3 gxf3 28. gxf3 Rh8 29. Kc2 Rxh1 30. Rxh1 e5 31. Re1 Rh8 32. dxe5 Kc8 33.
Kd3 Kd7 34. Ke4 Rf8 35. Rg1 Rh8 36. Kxf4 Rh2 37. Rg7+ Kd8 38. Ke4 Rxb2 39. f4
Rc2 40. Kd3 Rf2 41. Rf7 c5 42. f5 Ke8 43. e6 Rf3+ 44. Kc4 b5+ 45. Kxc5 Rxc3+
46. Kxb5 Rf3 47. Kc6 Rd3 48. Ra7 Rf3 49. Kd6 Rd3+ 50. Ke5 Rh3 51. Ra8+ Ke7 52.
f6# 1-0

[Event "Kieler Open 2016-B"]
[Site "Kiel"]
[Date "2016.08.03"]
[Round "7.4"]
[White "Eberhardt, Michael"]
[Black "Zielke, Bernd"]
[Result "1/2-1/2"]
[WhiteElo "1786"]
[BlackElo "1705"]
[PlyCount "128"]

1. d4 f5 2. Bf4 d6 3. e3 Nf6 4. Bc4 g6 5. h4 Bg7 6. h5 e6 7. hxg6 hxg6 8. Rxh8+
Bxh8 9. Nf3 Nc6 10. Nc3 Qe7 11. Qe2 a6 12. O-O-O Bd7 13. Bg5 O-O-O 14. d5 Ne5
15. Bxa6 Nxf3 16. gxf3 bxa6 17. Qxa6+ Kb8 18. Nb5 Bxb5 19. Qxb5+ Kc8 20. Qa6+
Kd7 21. Qc6+ Kc8 22. Rd4 Qe8 23. Rb4 Qxc6 24. dxc6 Rf8 25. a4 Nd5 26. Rb5 Bf6
27. Ra5 Kd8 28. Ra8+ Ke7 29. Bxf6+ Rxf6 30. Rh8 Rf8 31. Rh4 Rb8 32. c4 Nb4 33.
Rh7+ Kf6 34. Rxc7 e5 35. Kd2 Ke6 36. b3 d5 37. cxd5+ Kxd5 38. Rg7 Nxc6 39. Kc3
Rc8 40. Kd2 Kc5 41. Rxg6 f4 42. exf4 exf4 43. Rf6 Kb4 44. Rxf4+ Kxb3 45. Ke3
Nb4 46. Rf7 Kxa4 47. f4 Re8+ 48. Kf3 Kb5 49. f5 Kc6 50. Kf4 Kd6 51. Rf6+ Kd5
52. Kg5 Nd3 53. f4 Nc5 54. Kg6 Ne4 55. Ra6 Rf8 56. f6 Nd6 57. Ra7 Ke6 58. Re7+
Kd5 59. Kg7 Ra8 60. Re5+ Kc6 61. Re6 Kd7 62. Re7+ Kc6 63. Kg6 Rf8 64. Kg7 Rb8
1/2-1/2

[Event "Kieler Open 2016-B"]
[Site "Kiel"]
[Date "2016.08.03"]
[Round "7.5"]
[White "Bahr, Arne"]
[Black "Farokhi, Keyvan"]
[Result "1/2-1/2"]
[WhiteElo "1695"]
[BlackElo "1575"]
[PlyCount "79"]

1. f4 d5 2. b3 Nf6 3. e3 g6 4. Bb2 Bg7 5. Nf3 O-O 6. Be2 c5 7. O-O Nc6 8. Ne5
Qc7 9. Nxc6 Qxc6 10. Bf3 Bf5 11. Be5 Be4 12. Nc3 Bxf3 13. Qxf3 Rad8 14. Rad1 b5
15. Ne2 Ne4 16. Bxg7 Kxg7 17. d3 Nd6 18. g4 e6 19. Ng3 Qd7 20. h4 c4 21. Kg2
cxd3 22. Rxd3 Rc8 23. Rd2 Rc3 24. Ne2 Rc7 25. Ng3 Rfc8 26. Qe2 Qe7 27. h5 f5
28. g5 a6 29. Rh1 Rh8 30. hxg6 hxg6 31. Rxh8 Kxh8 32. Kg1 Qe8 33. Qd1 Rh7 34.
Rh2 Rxh2 35. Kxh2 Qc8 36. Qd4+ Kh7 37. c3 Qb7 38. Kg1 Ne4 39. Nxe4 dxe4 40. Qe5
1/2-1/2

[Event "Kieler Open 2016-B"]
[Site "Kiel"]
[Date "2016.08.03"]
[Round "7.7"]
[White "Koch, Ralf-Johannes"]
[Black "Hoppe, Marc"]
[Result "1-0"]
[WhiteElo "1749"]
[BlackElo "1381"]
[PlyCount "61"]

1. e4 e5 2. Nc3 Bc5 3. g3 Nf6 4. Bg2 d6 5. h3 O-O 6. Na4 Nbd7 7. Nxc5 Nxc5 8.
d3 h6 9. Ne2 Be6 10. f4 c6 11. f5 Bd7 12. Be3 Na4 13. b3 Nb6 14. O-O d5 15. g4
Nh7 16. Ng3 Nf6 17. g5 hxg5 18. Bxg5 dxe4 19. Nxe4 Nbd5 20. c4 Qb6+ 21. c5 Qb4
22. Nxf6+ gxf6 23. Bd2 Qd4+ 24. Kh1 Ne3 25. Bxe3 Qxe3 26. Rf3 Qg5 27. Qe1 Kh8
28. Rg3 Qxf5 29. Qe3 Qh5 30. Rf1 Bf5 31. Rxf5 1-0

[Event "Kieler Open 2016-B"]
[Site "Kiel"]
[Date "2016.08.03"]
[Round "7.8"]
[White "Schwerdt, Alwin Elias"]
[Black "Kathage, Holger"]
[Result "1-0"]
[WhiteElo "1454"]
[BlackElo "1740"]
[PlyCount "53"]

1. e4 c5 2. Nf3 d6 3. d4 cxd4 4. Nxd4 Nf6 5. Nc3 a6 6. a4 b6 7. Bc4 Bb7 8. f3
Qc7 9. Bb3 g6 10. Be3 Bg7 11. O-O O-O 12. Nde2 Nbd7 13. Rb1 Rab8 14. Qd2 Rfd8
15. Rfd1 Ne5 16. Nf4 e6 17. Bxe6 d5 18. Bxd5 Bf8 19. Qf2 Bxd5 20. Ncxd5 Nxd5
21. Nxd5 Rxd5 22. exd5 Nc4 23. Bd4 Rd8 24. b3 Na3 25. Bxb6 Qc3 26. Rbc1 Rc8 27.
d6 1-0

[Event "Kieler Open 2016-B"]
[Site "Kiel"]
[Date "2016.08.03"]
[Round "7.9"]
[White "Beyer, Mirko"]
[Black "Mardini, Mohamed"]
[Result "0-1"]
[WhiteElo "1397"]
[BlackElo "1638"]
[PlyCount "30"]

1. e4 d5 2. e5 e6 3. d4 c5 4. c3 cxd4 5. cxd4 Nc6 6. Nf3 Nge7 7. Bb5 Bd7 8. O-O
Nxe5 9. Bxd7+ Nxd7 10. Ne5 Nxe5 11. dxe5 Nc6 12. Bf4 Qb6 13. Qe2 Be7 14. Nc3 a6
15. Be3 d4 0-1

[Event "Kieler Open 2016-B"]
[Site "Kiel"]
[Date "2016.08.03"]
[Round "7.11"]
[White "Prasobhu, Pramod Kumar"]
[Black "Behrendt, Matthias"]
[Result "1-0"]
[WhiteElo "1703"]
[BlackElo "1638"]
[PlyCount "79"]

1. e4 c5 2. Nf3 d6 3. d4 cxd4 4. Nxd4 Nf6 5. Nc3 a6 6. Be2 b5 7. Bf3 e5 8. Nde2
Bb7 9. O-O Nbd7 10. Ng3 Rc8 11. Bg5 Qc7 12. a3 Qc4 13. Re1 Be7 14. Nf5 Qc5 15.
Nxg7+ Kf8 16. Bh6 Kg8 17. Nf5 Bf8 18. Bxf8 Nxf8 19. Ne7+ Kg7 20. Nxc8 Qxc8 21.
Qxd6 Ne6 22. Qxe5 Re8 23. Nd5 Bxd5 24. exd5 Nf8 25. Qg5+ Ng6 26. Qd2 Rd8 27. b3
Qc7 28. Rac1 Nh4 29. Qg5+ Ng6 30. c4 bxc4 31. bxc4 h6 32. Qg3 Qc5 33. Be4 Rf8
34. Qe3 Nxe4 35. Qxe4 Qxa3 36. Qd4+ Kh7 37. c5 Re8 38. Rcd1 Rxe1+ 39. Rxe1 Qb3
40. d6 1-0

[Event "Kieler Open 2016-B"]
[Site "Kiel"]
[Date "2016.08.03"]
[Round "7.12"]
[White "Malina, Marcus"]
[Black "Gerigk, Daniel"]
[Result "0-1"]
[WhiteElo "1565"]
[BlackElo "1444"]
[PlyCount "94"]

1.e4 e5 2.Nf3 Nc6 3.Bc4 h6 4.h3 Bc5 5.Nc3 Nf6 6.d3 d6 7.Na4 Nd7 8.Bb5 O-O
9.O-O a6 10.Nxc5 Nxc5 11.Bxc6 bxc6 12.Re1 Ne6 13.b3 Rb8 14.d4 exd4 15.Nxd4
Qf6 16.Be3 Bb7 17.Nf5 c5 18.f3 Rbd8 19.c4 Kh7 20.Qc2 Kh8 21.Bf2 Rg8 22.
Rad1 Bc8 23.Bh4 g5 24.Bg3 Nf8 25.Ne3 Ne6 26.Nd5 Qg7 27.e5 Nd4 28.Qf2 Nc6
29.exd6 cxd6 30.Ne7 Nxe7 31.Rxe7 Qf6 32.Ra7 Kh7 33.Qe3 Rge8 34.Qd3+ Kg8
35.Rc7 Bd7 36.Qxd6 Be6 37.Be5 Rxd6 38.Bxf6 Rxd1+ 39.Kh2 Rd2 40.a4 Rb8 41.
Rxc5 Rxb3 42.Kg3 Rc2 43.Ra5 Bxc4 44.Rc5 Rb4 45.Rc8+ Kh7 46.Rh8+ Kg6 47.Be5
f6 0-1

[Event "Kieler Open 2016-B"]
[Site "Kiel"]
[Date "2016.08.03"]
[Round "7.14"]
[White "Dambrowski, Ralf"]
[Black "Schumacher, Horst"]
[Result "1/2-1/2"]
[WhiteElo "1476"]
[BlackElo "1782"]
[PlyCount "54"]

1. d4 d5 2. c4 Bf5 3. Nc3 e6 4. a3 Nf6 5. Bg5 Be7 6. e3 Nc6 7. Bxf6 Bxf6 8.
cxd5 exd5 9. Qb3 Be6 10. Qxb7 Na5 11. Qb5+ c6 12. Qa4 Bd7 13. Qd1 O-O 14. Nf3
Re8 15. Be2 Nb7 16. Rc1 Nd6 17. O-O Nf5 18. Bd3 Nh6 19. Re1 Kh8 20. e4 dxe4 21.
Nxe4 Bg4 22. Rxc6 Bxd4 23. Rd6 Bxf3 24. Rxd8 Bxd1 25. Rxa8 Rxa8 26. Rxd1 Bxb2
27. a4 Rd8 1/2-1/2

[Event "Kieler Open 2016-B"]
[Site "Kiel"]
[Date "2016.08.03"]
[Round "7.15"]
[White "Neumann, Oskar"]
[Black "Dao, Jörg"]
[Result "1-0"]
[WhiteElo "1640"]
[BlackElo "1460"]
[PlyCount "125"]

1. e4 e5 2. Nf3 Qf6 3. c3 h6 4. d4 d6 5. Be2 g5 6. dxe5 dxe5 7. Be3 Bd6 8. c4
c6 9. Nc3 Be6 10. c5 Bc7 11. b4 a6 12. a4 Nd7 13. Qc2 Ne7 14. Rd1 O-O 15. O-O
Rfd8 16. Rd2 Nf8 17. Rfd1 Rxd2 18. Nxd2 Neg6 19. Nc4 Bxc4 20. Bxc4 Rd8 21. b5
cxb5 22. axb5 Ba5 23. Nd5 Qe6 24. b6 Kg7 25. Ra1 Bxb6 26. Nxb6 Qc6 27. Bd5 Qc7
28. Rd1 Ne7 29. Bc4 Nc6 30. Rxd8 Qxd8 31. Qd3 Qxd3 32. Bxd3 Ne6 33. Bc4 Ned4
34. Bd5 Nc2 35. Bxc6 bxc6 36. Nc4 f6 37. Na5 Nb4 38. Kf1 Kf7 39. Ke2 Ke7 40.
Kd2 Kd7 41. Kc3 Nd5+ 42. exd5 cxd5 43. Kd3 f5 44. g3 f4 45. gxf4 gxf4 46. Bd2
h5 47. Bc3 e4+ 48. Kd4 Ke6 49. Bd2 f3 50. c6 Kd6 51. Bf4+ Ke6 52. Nb3 Kf5 53.
c7 Kxf4 54. c8=Q h4 55. Qc7+ Kg4 56. Ke3 Kh3 57. Qd7+ Kxh2 58. Qg4 Kh1 59.
Qxh4+ Kg1 60. Nd2 a5 61. Qg3+ Kh1 62. Nf1 a4 63. Qh2# 1-0

[Event "Kieler Open 2016-B"]
[Site "Kiel"]
[Date "2016.08.03"]
[Round "7.16"]
[White "Günther, Emil"]
[Black "Teichmann, Axel"]
[Result "1/2-1/2"]
[WhiteElo "1282"]
[BlackElo "1823"]
[PlyCount "103"]

1. d4 d5 2. c4 Nf6 3. cxd5 Qxd5 4. Nc3 Qa5 5. Nf3 e6 6. Bd2 Bb4 7. a3 Bxc3 8.
Bxc3 Qh5 9. e3 Nc6 10. Be2 Ne4 11. Nd2 Qg6 12. Nxe4 Qxe4 13. Bf3 Qg6 14. Rc1
O-O 15. O-O Bd7 16. Qc2 Qxc2 17. Rxc2 Rab8 18. Rfc1 f5 19. b4 a6 20. d5 exd5
21. Bxd5+ Kh8 22. Rd2 Rbe8 23. Rcd1 Be6 24. Bxe6 Rxe6 25. Rd7 Re7 26. h3 Rfe8
27. R7d5 Rf7 28. Kf1 Kg8 29. Rd7 Ree7 30. R7d5 f4 31. exf4 Rxf4 32. Rd7 Rff7
33. Rxe7 Rxe7 34. Rd3 {(=)} h6 35. Re3 Rxe3 36. fxe3 Kf7 37. Ke2 b5 38. Kd3 g5
39. g4 Kg6 40. e4 h5 41. e5 Nd8 42. Ke4 hxg4 43. hxg4 c6 44. Bd4 Ne6 45. Be3
Nc7 46. Bc5 Ne6 47. Be3 Nc7 48. Bc5 Ne6 49. Bd4 Nf4 50. Bc5 Ne6 51. Bd4 Nf4 52.
Be3 1/2-1/2

[Event "Kieler Open 2016-B"]
[Site "Kiel"]
[Date "2016.08.03"]
[Round "7.17"]
[White "Howe, Dietrich"]
[Black "Mock, Gabriel"]
[Result "0-1"]
[WhiteElo "1560"]
[BlackElo "1444"]
[PlyCount "40"]

1. e4 e5 2. Nf3 Nf6 3. Nxe5 d6 4. Nxf7 Kxf7 5. d4 Be7 6. Nc3 Re8 7. Qf3 Kg8 8.
Bg5 Nxe4 9. Nxe4 Bxg5 10. Bd3 d5 11. O-O dxe4 12. Bxe4 c6 13. Rad1 Qf6 14. Qd3
Qh6 15. Qc4+ Qe6 16. Bd3 Qxc4 17. Bxc4+ Kh8 18. f4 Bf6 19. Rf3 Bg4 20. Rg3 Bxd1
0-1

[Event "Kieler Open 2016-B"]
[Site "Kiel"]
[Date "2016.08.03"]
[Round "7.18"]
[White "Hartendauer, Frank"]
[Black "Korte, Andreas"]
[Result "1-0"]
[WhiteElo "1710"]
[BlackElo "1554"]
[PlyCount "49"]

1. d4 d5 2. c4 e6 3. Nc3 Nf6 4. Nf3 c6 5. cxd5 exd5 6. Bg5 Be7 7. e3 h6 8. Bh4
Bf5 9. Qb3 Qc8 10. Rc1 Bd8 11. Bxf6 gxf6 12. Be2 Ba5 13. O-O Bc7 14. Rfe1 Rg8
15. Bf1 Nd7 16. e4 dxe4 17. Nxe4 Kf8 18. Qb4+ Kg7 19. Nd6 Bxd6 20. Qxd6 Rd8 21.
Qg3+ Kh7 22. Re7 Bg6 23. Nh4 Nf8 24. Nxg6 Rd7 25. Nxf8+ 1-0

[Event "Kieler Open 2016-B"]
[Site "Kiel"]
[Date "2016.08.03"]
[Round "7.19"]
[White "Spreu, Jörg"]
[Black "Engel, Peter"]
[Result "0-1"]
[WhiteElo "1420"]
[BlackElo "1450"]
[PlyCount "62"]

1. e4 e5 2. Nf3 Nc6 3. d4 exd4 4. Nxd4 Nf6 5. Nxc6 bxc6 6. Bd3 Be7 7. c4 O-O 8.
e5 Ne8 9. Qc2 Bb4+ 10. Bd2 Bxd2+ 11. Nxd2 Qg5 12. Bxh7+ Kh8 13. Be4 d5 14. exd6
Nxd6 15. O-O Bb7 16. Qd3 f5 17. Bf3 Rad8 18. Nb3 Ne4 19. Qe3 Qe7 20. Bxe4 fxe4
21. Qxa7 Ba8 22. Rad1 Rd3 23. Rxd3 exd3 24. Qe3 Qd7 25. Qh3+ Qxh3 26. gxh3 c5
27. Rd1 Re8 28. Nxc5 d2 29. Nd3 Be4 30. Nc5 Bf3 31. Rb1 Re1+ 0-1

[Event "Kieler Open 2016-B"]
[Site "Kiel"]
[Date "2016.08.03"]
[Round "7.20"]
[White "Müller, Richard"]
[Black "Weck, Uwe"]
[Result "0-1"]
[WhiteElo "1500"]
[BlackElo "1663"]
[PlyCount "85"]

1. Nf3 c5 2. c4 Nc6 3. g3 d6 4. Bg2 Bd7 5. O-O e6 6. Nc3 Nf6 7. d4 cxd4 8. Nxd4
Be7 9. e3 O-O 10. Nce2 a6 11. Bd2 Qb6 12. b3 e5 13. Nc2 Bf5 14. Bxc6 Qxc6 15.
Nb4 Qc7 16. Nc3 a5 17. Nbd5 Nxd5 18. Nxd5 Qd7 19. Nb6 Qc6 20. Nxa8 Bh3 21. f3
Bxf1 22. Qxf1 Rxa8 23. e4 a4 24. b4 Qb6+ 25. Qf2 Qxf2+ 26. Kxf2 Rc8 27. Rc1 h6
28. f4 exf4 29. Bxf4 Bg5 30. Kf3 b5 31. c5 dxc5 32. Rxc5 Rxc5 33. bxc5 Bxf4 34.
gxf4 Kf8 35. Ke3 Ke7 36. Kd4 Kd7 37. a3 Kc6 38. e5 g6 39. h3 g5 40. f5 h5 41.
e6 fxe6 42. f6 g4 43. hxg4 0-1

[Event "Kieler Open 2016-B"]
[Site "Kiel"]
[Date "2016.08.03"]
[Round "7.21"]
[White "Bunke, Mike"]
[Black "Keir, Robin"]
[Result "0-1"]
[WhiteElo "1683"]
[BlackElo "1361"]
[PlyCount "60"]

1. c4 Nf6 2. g3 e6 3. Bg2 d5 4. cxd5 exd5 5. d4 Be7 6. Nc3 Bf5 7. Nf3 Nbd7 8.
O-O c6 9. Nh4 Be6 10. Qc2 O-O 11. f4 Nb6 12. f5 Bd7 13. Bd2 Nc4 14. Rae1 Nxd2
15. Qxd2 Bb4 16. a3 Ba5 17. b4 Bb6 18. e4 dxe4 19. Nxe4 Nxe4 20. Rxe4 Qf6 21.
Kh1 Rfe8 22. d5 cxd5 23. Rxe8+ Rxe8 24. Bxd5 Bc6 25. Bxc6 Qxc6+ 26. Nf3 h6 27.
h4 Re3 28. Kg2 Rc3 29. Qd1 Rxa3 30. Kh3 Re3 0-1

[Event "Kieler Open 2016-B"]
[Site "Kiel"]
[Date "2016.08.04"]
[Round "8.1"]
[White "Basey, Matthew"]
[Black "Eberhardt, Michael"]
[Result "1-0"]
[WhiteElo "1500"]
[BlackElo "1786"]
[Annotator "Hahne"]
[PlyCount "71"]

1. c4 Nf6 2. Nc3 b6 3. Nf3 e6 4. g3 Bb7 5. Bg2 g6 6. O-O c5 7. a3 Bg7 8. Rb1
O-O 9. d3 d5 10. Ne1 Qe7 11. Bg5 Rd8 12. cxd5 exd5 13. Qb3 Qe6 14. e4 h6 15.
exd5 Qd7 16. Bxf6 Bxf6 17. Ne4 Bg7 18. d6 Nc6 19. Nc2 Rac8 20. Ne3 Nd4 21. Qa2
Kf8 22. b4 f5 23. f3 Re8 24. bxc5 bxc5 25. Bh3 Be5 26. Nc4 Kg7 27. Rbe1 Qf7 28.
f4 Bf6 29. d7 Qxd7 30. Ncd6 Bxe4 31. Nxe8+ Qxe8 32. dxe4 fxe4 33. Bxc8 Qxc8 34.
Rxe4 Qg4 35. Qb1 Ne2+ 36. Kg2 1-0

[Event "Kieler Open 2016-B"]
[Site "Kiel"]
[Date "2016.08.04"]
[Round "8.2"]
[White "Jung, Ingo"]
[Black "Aksüt, Önder"]
[Result "1/2-1/2"]
[WhiteElo "1656"]
[BlackElo "1653"]
[PlyCount "25"]

1. e4 g6 2. d4 Bg7 3. Nc3 e6 4. Be3 Ne7 5. Qd2 Nbc6 6. O-O-O d5 7. f3 b6 8. Bb5
Bb7 9. Bh6 Bxh6 10. Qxh6 Ng8 11. Qg7 Qf6 12. Qxf6 Nxf6 13. exd5 1/2-1/2

[Event "Kieler Open 2016-B"]
[Site "Kiel"]
[Date "2016.08.04"]
[Round "8.3"]
[White "Zielke, Bernd"]
[Black "Plichta, Hans-Reiner"]
[Result "0-1"]
[WhiteElo "1705"]
[BlackElo "1793"]
[PlyCount "130"]

1. b4 Nf6 2. c4 d5 3. e3 d4 4. Qb3 e5 5. Nf3 c5 6. b5 Bd6 7. d3 O-O 8. e4 Nh5
9. g3 f5 10. Bg2 fxe4 11. dxe4 Bg4 12. O-O Qd7 13. Re1 Bh3 14. Bh1 h6 15. a4
Qg4 16. Nh4 Nf4 17. f3 Qg5 18. Ra2 Qh5 19. Ng2 Bxg2 20. Bxg2 Nh3+ 21. Bxh3 Qxh3
22. Qd3 Rf6 23. Qf1 Qh5 24. Rf2 Nd7 25. a5 Raf8 26. Kg2 g5 27. g4 Qh4 28. h3
R6f7 29. Qe2 Nf6 30. Ref1 h5 31. Rh1 Rh7 32. Qf1 Rhf7 33. Qe1 Kg7 34. Re2 hxg4
35. hxg4 Qxe1 36. Rexe1 Nh7 37. Ref1 Bc7 38. Bd2 Bd8 39. Na3 Rg8 40. Nc2 Nf8
41. Ne1 Ng6 42. Nd3 Be7 43. Rh5 Nh4+ 44. Kg3 Rgf8 45. Nxe5 Bd6 46. Rxg5+ Ng6
47. f4 Bxe5 48. Rf5 Bd6 49. e5 Bc7 50. Rxf7+ Rxf7 51. Rb1 Bxe5 52. fxe5 Nxe5
53. Rc1 Rf3+ 54. Kh4 Ra3 55. Bf4 Nf3+ 56. Kh5 Rxa5 57. Rf1 Ra3 58. g5 Rd3 59.
Kg4 Nd2 60. Be5+ Kg8 61. Rd1 Ne4 62. Ra1 Nf2+ 63. Kh5 Re3 64. Bf6 Kf7 65. Rxa7
Rh3# 0-1

[Event "Kieler Open 2016-B"]
[Site "Kiel"]
[Date "2016.08.04"]
[Round "8.5"]
[White "Farokhi, Keyvan"]
[Black "Koch, Ralf-Johannes"]
[Result "1/2-1/2"]
[WhiteElo "1575"]
[BlackElo "1749"]
[PlyCount "120"]

1. e4 d6 2. d4 Nf6 3. Nc3 g6 4. Be3 Bg7 5. f3 O-O 6. Qd2 c6 7. O-O-O Qa5 8. g4
b5 9. Kb1 b4 10. Nce2 Be6 11. Nc1 Na6 12. h4 h5 13. Bh6 Nc7 14. Bxg7 Kxg7 15.
gxh5 Nxh5 16. Nge2 Rab8 17. Nf4 Nxf4 18. Qxf4 Rh8 19. Bh3 Bxh3 20. Rxh3 Ne6 21.
Qe3 Qh5 22. d5 cxd5 23. Rxd5 Qh6 24. Qxh6+ Rxh6 25. Ra5 Rb7 26. Nd3 g5 27. h5
f6 28. Ra4 Kf8 29. Nxb4 Nc5 30. Ra5 Rxb4 31. Rxa7 Rb7 32. Ra3 Ne6 33. Re3 Nf4
34. Rh1 Rxh5 35. Rxh5 Nxh5 36. a4 Ke8 37. a5 Nf4 38. Ra3 Ne6 39. c3 Nc7 40. b4
Ra7 41. c4 Rb7 42. b5 Nxb5 43. cxb5 Rxb5+ 44. Kc2 Rb7 45. Kd3 Kd7 46. Kd4 e6
47. Kc4 Kc6 48. Ra4 Ra7 49. Ra3 f5 50. Ra2 fxe4 51. fxe4 g4 52. Rg2 d5+ 53.
exd5+ exd5+ 54. Kd3 Rg7 55. a6 Kb6 56. Kd4 Rg5 57. Ra2 Ka7 58. Ke3 g3 59. Rg2
Kxa6 60. Kf4 Rg8 1/2-1/2

[Event "Kieler Open 2016-B"]
[Site "Kiel"]
[Date "2016.08.04"]
[Round "8.6"]
[White "Mardini, Mohamed"]
[Black "Schwerdt, Alwin Elias"]
[Result "0-1"]
[WhiteElo "1638"]
[BlackElo "1454"]
[PlyCount "64"]

1. e4 e5 2. d4 exd4 3. Nf3 Bc5 4. Bc4 h6 5. Ne5 Qe7 6. Nxf7 Rh7 7. O-O g6 8.
Ne5 Qxe5 9. Bxg8 Rg7 10. Bc4 d6 11. c3 Nc6 12. a4 a5 13. f4 Qf6 14. e5 dxe5 15.
fxe5 Qe7 16. Bf4 g5 17. Qh5+ Kd8 18. Bg3 dxc3+ 19. Kh1 cxb2 20. Ra2 Be6 21.
Bxe6 Qxe6 22. Rxb2 b6 23. Rd2+ Kc8 24. Rf6 Qb3 25. Qe8+ Kb7 26. Qxc6+ Ka7 27.
Rf1 Rf7 28. Rfd1 Raf8 29. h3 Rf1+ 30. Rxf1 Rxf1+ 31. Kh2 Bg1+ 32. Kh1 Bf2+ 0-1

[Event "Kieler Open 2016-B"]
[Site "Kiel"]
[Date "2016.08.04"]
[Round "8.7"]
[White "Oltmanns, Marc"]
[Black "Bahr, Arne"]
[Result "1/2-1/2"]
[WhiteElo "1496"]
[BlackElo "1695"]
[PlyCount "81"]

1. Nf3 g6 2. c4 Bg7 3. Nc3 d6 4. g3 e5 5. d3 Nd7 6. Bg2 Ngf6 7. O-O O-O 8. Bd2
Kh8 9. Qc1 Ng8 10. Rb1 f5 11. Ng5 Ndf6 12. Nd5 h6 13. Nxf6 Nxf6 14. Nf3 Kh7 15.
Bc3 Be6 16. b3 Qc8 17. Nd2 f4 18. Ne4 Nh5 19. Bd2 Bh3 20. c5 Bxg2 21. Kxg2 d5
22. Nc3 c6 23. b4 Qf5 24. Qd1 f3+ 25. exf3 Qxd3 26. Qe2 Qf5 27. Rfe1 Rae8 28.
b5 Qd7 29. bxc6 bxc6 30. Qa6 Rb8 31. Rb3 {(=)} Rxb3 32. axb3 Rb8 33. Ra1 Rxb3
34. Qxa7 Qxa7 35. Rxa7 Rb2 36. Be1 Nf6 37. Rc7 d4 38. Ne4 Nd5 39. Rxc6 Ne3+ 40.
Kg1 Nc4 41. Rc7 $16 1/2-1/2

[Event "Kieler Open 2016-B"]
[Site "Kiel"]
[Date "2016.08.04"]
[Round "8.8"]
[White "Hogreve, Holger"]
[Black "Prasobhu, Pramod Kumar"]
[Result "1-0"]
[WhiteElo "1501"]
[BlackElo "1703"]
[PlyCount "91"]

1. Nf3 Nf6 2. d4 d5 3. Bf4 e6 4. Nbd2 Bd6 5. Bxd6 cxd6 6. e3 Nc6 7. c3 O-O 8.
Bd3 e5 9. dxe5 dxe5 10. Bb1 Be6 11. O-O e4 12. Nd4 Bg4 13. f3 exf3 14. N4xf3
Qb6 15. Qc2 Qxe3+ 16. Kh1 Rfe8 17. a3 Ne4 18. Nxe4 Qxe4 19. Qxe4 dxe4 20. Ng5
f5 21. Ba2+ Kf8 22. Nxh7+ Ke7 23. h3 Rh8 24. Ng5 Rh5 25. Ne6 Be2 26. Nf4 Bxf1
27. Nxh5 Bxg2+ 28. Kxg2 g5 29. Ng3 Rf8 30. Rf1 f4 31. Nxe4 Rd8 32. Nxg5 Rd2+
33. Rf2 Rxf2+ 34. Kxf2 Ne5 35. Nf3 Kf6 36. Nxe5 Kxe5 37. Kf3 Kf5 38. Bd5 b6 39.
b4 Kg5 40. Ke4 Kh4 41. Kxf4 Kxh3 42. b5 Kh4 43. Ke5 Kg5 44. Kd6 Kf6 45. Kc6 Ke5
46. Bg8 1-0

[Event "Kieler Open 2016-B"]
[Site "Kiel"]
[Date "2016.08.04"]
[Round "8.9"]
[White "Gerigk, Daniel"]
[Black "Salwasser, Christian"]
[Result "0-1"]
[WhiteElo "1444"]
[BlackElo "1671"]
[PlyCount "50"]

1.f4 Nc6 2.Nf3 d6 3.e3 e5 4.fxe5 dxe5 5.d3 Nf6 6.Be2 e4 7.Ng5 exd3 8.cxd3
Bb4+ 9.Nc3 Nd5 10.Ne4 f5 11.O-O fxe4 12.Nxe4 Be6 13.a3 Ba5 14.Nc5 Qc8 15.
b4 Bb6 16.Bh5+ g6 17.Be2 Bxc5 18.bxc5 Qd7 19.Bf3 O-O-O 20.d4 Rhf8 21.Bd2
Nf6 22.Qb1 Bd5 23.e4 Bxe4 24.Bxe4 Qxd4+ 25.Rf2 Nxe4 0-1

[Event "Kieler Open 2016-B"]
[Site "Kiel"]
[Date "2016.08.04"]
[Round "8.11"]
[White "Schumacher, Horst"]
[Black "Neumann, Oskar"]
[Result "0-1"]
[WhiteElo "1782"]
[BlackElo "1640"]
[PlyCount "72"]

1. e4 c5 2. d4 cxd4 3. c3 d5 4. exd5 Qxd5 5. cxd4 Nf6 6. Nc3 Qd6 7. Nf3 e6 8.
g3 a6 9. Bg2 Be7 10. O-O Nc6 11. Be3 O-O 12. a3 Rd8 13. Na4 Nd5 14. Rc1 Bf6 15.
Nc5 Nce7 16. Ne4 Qb6 17. Nxf6+ Nxf6 18. b4 Nfd5 19. Qc2 Nf5 20. Rfe1 Bd7 21.
Qc5 Bb5 22. Ne5 Nfe7 23. Bxd5 Nxd5 24. Nc4 Qc6 25. Qxc6 Bxc6 26. Na5 {(=)} Ne7
27. Nxc6 Nxc6 28. Red1 Rac8 29. Kf1 Rd7 30. Ke2 Rcd8 31. Rd3 Kf8 32. Rcd1 h6
33. f4 Ke7 34. d5 $2 Rxd5 35. Bb6 Rxd3 36. Bxd8+ Rxd8 0-1